Rocky Trivia - Statistics

General Stats
  • This quiz has been taken 57 times
  • The average score is 12 of 21
Answer Stats
Hint Answer % Correct
Rocky's nickname The Italian {Stallion}
94%
Actor who Rocky is portrayed by Sylvester Stallone
92%
City where Rocky lives Philadelphia
90%
Rocky's wife Adrian
80%
Rocky, Rocky II Apollo Creed
78%
Rocky IV Ivan Drago
76%
Theme song of Rocky III Eye Of The Tiger
71%
Where Rocky's wife works at the beginning of the movie A pet store
69%
Rocky III Clubber Lang
67%
Wrestler who played Thunderlips Hulk Hogan
67%
Country that Rocky travels to in Rocky IV Soviet Union
65%
His brother-in-law Paulie
63%
His trainer (get up ya bum!) Mickey
59%
Rocky V Tommy Gunn
53%
Actor of Adonis Creed Michael B. Jordan
49%
His son Rocky Jr.
31%
Name of Rocky's dog Butkus
20%
Rocky Balboa Mason Dixon
18%
Director of the first Rocky film John G. Avildsen
14%
Creed Ricky Conlan
12%
Meatpacking company where Rocky trains (hint: clover) {Shamrock} Meats
10%
No matching quizzes found
Score Distribution
Percent of People with Each Score
Percentile by Number Answered
Your Score History
You have not taken this quiz